000
00296nam a22001337a 4500
003
SGT
082
_a
954.03
_b
C89P
100
_a
PAREKH, BHIKHU
245
_a
COLONIALISM, TRADITIONS & REFORMS
260
_b
SAGE PUBLICATIONS
_c
1989
300
_a
288
650
_a
INDIAN HISTORY
942
_2
ddc
_c
BK
999
_c
27736
_d
27736